Dimenzování a jištění napájecích vedení a účinky zkratových proudů v železniční a zabezpečovací technice

Saved in:
Bibliographic Details
Main Author Verzich, Vladimír, 1934-2020 (Author)
Format Book
LanguageCzech
Published Praha : AŽD Praha, 2010
Subjects
ISBN9788025472590
Physical Description215 s. : il., grafy ; 24 cm

Cover

LEADER 00000cam a2200000 a 4500
001 59012
003 CZ-ZlUTB
005 20220425153122.0
007 ta
008 110218s2010 xr ao f 000 0 cze d
952 |0 0  |1 0  |4 0  |6 656VERZICHV  |7 0  |8 BOOK  |9 108175  |a UTBZL  |b UTBZL  |c 005  |d 2011-02-18  |i 45089  |l 0  |o 656/VERZICH,V.  |p 420010136890  |r 2019-08-26 00:00:00  |v 329.00  |w 2019-08-26  |x N: dar; | 20100930  |y 01 
999 |c 59012  |d 59012 
020 |a 9788025472590  |q (váz.) 
040 |a ZLD002  |b cze 
072 7 |a 656.2  |x Železniční doprava  |2 Konspekt  |9 4 
080 |a 656.2  |2 MRF 
080 |a 656.25  |2 MRF 
080 |a 621.398:654.924  |2 MRF 
080 |a 656.251  |2 MRF 
080 |a 621.311.6  |2 MRF 
080 |a (048.8)  |2 MRF 
100 1 |a Verzich, Vladimír,  |d 1934-2020  |7 jx20090108009  |4 aut 
245 1 0 |a Dimenzování a jištění napájecích vedení a účinky zkratových proudů v železniční a zabezpečovací technice /  |c Vladimír Verzich 
260 |a Praha :  |b AŽD Praha,  |c 2010 
300 |a 215 s. :  |b il., grafy ;  |c 24 cm 
500 |a Obsahuje seznam oborových norem 
504 |a Obsahuje bibliografii 
650 0 7 |a železniční doprava  |7 ph127919  |2 czenas 
650 0 7 |a zabezpečovací technika  |7 ph127514  |2 czenas 
650 0 7 |a elektrické zabezpečovací systémy  |7 ph183350  |2 czenas 
650 0 7 |a železniční návěsti  |7 ph301320  |2 czenas 
650 0 7 |a napájecí zdroje  |7 ph115419  |2 czenas 
650 0 9 |a railroad transportation  |2 eczenas 
650 0 9 |a security technology  |2 eczenas 
650 0 9 |a electronic security systems  |2 eczenas 
650 0 9 |a rairoad signals  |2 eczenas 
650 0 9 |a power supply units  |2 eczenas 
655 7 |a monografie  |7 fd132842  |2 czenas 
655 9 |a monographs  |2 eczenas 
910 |a ZLD002 
942 |2 udc 
992 |a BK  |b SK